Major Cities in Cambodia With a Map - Statistics

General Stats
  • This quiz has been taken 9 times
  • The average score is 7 of 28
Answers on the Map
Answers color-coded by a green-red scale on the quiz's map according to % correct below.
 
Answer Stats
City Population % Correct
Phnom Penh 2,281,951
100%
Siem Reap 245,494
100%
Battambang 119,251
56%
Kampot 32,053
56%
Sihanoukville 73,036
56%
Kampong Chhnang 41,080
44%
Pailin 37,393
44%
Kampong Cham 38,365
33%
Kratié 28,317
33%
Prey Veng 36,254
33%
Stung Treng 37,103
33%
Svay Rieng 41,424
33%
Kep 5,470
22%
Koh Rong 4,000
22%
Pursat 58,355
22%
Banlung 30,399
11%
Bavet 43,783
11%
Sen Monorom 13,195
11%
Suong 35,054
11%
Ta Khmau 75,629
11%
Chbar Mon 50,359
0%
Doun Kaev 43,402
0%
Khemarak Phoumin 28,836
0%
Poipet 98,934
0%
Preah Vihear 24,360
0%
Samraong 70,944
0%
Serei Saophoan 99,019
0%
Stueng Saen 53,118
0%
No matching quizzes found
Score Distribution
Percent of People with Each Score
Percentile by Number Answered
Your Score History
You have not taken this quiz